UBT Library

Pathologic basis of disease / (Record no. 42325)

000 -LEADER
fixed length control field 00585cam a2200217 i 4500
001 - CONTROL NUMBER
control field 2755828
005 - DATE AND TIME OF LATEST TRANSACTION
control field 20180213032245.0
008 - FIXED-LENGTH DATA ELEMENTS--GENERAL INFORMATION
fixed length control field 791012s1979 paua b 001 0 eng
010 ## - LIBRARY OF CONGRESS CONTROL NUMBER
LC control number 79064777
020 ## - INTERNATIONAL STANDARD BOOK NUMBER
International Standard Book Number 0721675956
040 ## - CATALOGING SOURCE
Original cataloging agency DLC
Transcribing agency DLC
Modifying agency DLC
041 ## - LANGUAGE CODE
Language code of text/sound track or separate title eng
080 ## - UNIVERSAL DECIMAL CLASSIFICATION NUMBER
Universal Decimal Classification number 616.07 ROB
082 00 - DEWEY DECIMAL CLASSIFICATION NUMBER
Classification number 616.07 ROB
100 1# - Rafti
Rafti 9
101 ## - Shkurtesa
Shkurtesa PAT
245 10 - TITLE STATEMENT
Title Pathologic basis of disease /
Statement of responsibility, etc Stanley L. Robbins, Ramzi S. Cotran.
504 ## - BIBLIOGRAPHY, ETC. NOTE
Bibliography, etc Includes bibliographical references and index.
906 ## - LOCAL DATA ELEMENT F, LDF (RLIN)
a 7
b cbc
c orignew
d 2
e opcn
f 19
g y-gencatlg
942 ## - ADDED ENTRY ELEMENTS (KOHA)
Source of classification or shelving scheme
Item type Books
Holdings
Withdrawn status Lost status Source of classification or shelving scheme Damaged status Not for loan Collection code Permanent location Current location Shelving location Date acquired Total Checkouts Full call number Barcode Date last seen Price effective from Koha item type
          Koleksioni i përgjithshem UBT - Lipjan UBT - Lipjan Koleksioni i përgjithshem 02/13/2018   616.07 ROB 002-2999171 02/13/2018 02/13/2018 Books
          Koleksioni i përgjithshem UBT - Lipjan UBT - Lipjan   05/15/2023   616.07 ROB 002-800080210 05/15/2023 05/15/2023 Books
UBT Library © 2015-2024. All rights reserved University Education for Business and Technology